Associez la Barbie à son film - Statistiques

Statistiques générales
  • Ce quiz a été pris 1 109 fois
    1 108 depuis la dernière actualisation
  • Le résultat moyen est 9 sur 20
Statistiques - réponses
Hint Réponse % Correct
Raiponce
Barbie, princesse Raiponce
88%
Merliah Barbie: Le secret des sirènes
68%
Geneviève
Barbie au bal des douze princesses
66%
Odette Barbie et le Lac des cygnes
65%
Blair Barbie, apprentie princesse
62%
Ro Barbie, princesse de l'Île merveilleuse
61%
Anneliese Barbie : Cœur de princesse
52%
Corinne Barbie et les Trois Mousquetaires
48%
Barbie Barbie: La magie de la mode
48%
Clara
Barbie dans Casse-noisette
47%
Annika Barbie et le Cheval magique
45%
Liana Barbie et le Palais de diamant
36%
Elina Barbie: Fairytopia
36%
Lumina Barbie et la Magie des perles
35%
Victoria Barbie : La Princesse et la Popstar
32%
Eden Barbie et la Magie de Noël
30%
Kristyn Barbie : Rêve de danseuse étoile
23%
Alexa Barbie et la Porte secrète
20%
Kara Barbie en super princesse
18%
Courtney Barbie : Rock et Royales
18%
Aucun quiz correspondant
Distribution des résultats
% des personnes avec chaque résultat
Percentile par nombre de réponses
Votre historique - résultats
Vous n’avez pas pris ce quiz depuis la dernière actualisation